[Event "Logumkloster op"]
[Site "Logumkloster"]
[Date "2019.05.21"]
[Round "6"]
[White "Petersen, Broder"]
[Black "Harbo, Ole"]
[Result "1-0"]
[WhiteElo "1599"]
[BlackElo "1364"]
[PlyCount "49"]
[EventDate "2019.03.26"]
[EventType "swiss"]
[EventRounds "7"]
[EventCountry "DEN"]
[SourceTitle "EXT 2020"]
[Source "ChessBase"]
[SourceDate "2019.10.17"]
[SourceVersion "1"]
[SourceVersionDate "2019.10.17"]
[SourceQuality "1"]

1. c4 Nc6 2. Nc3 e5 3. e4 Bc5 4. d3 Nf6 5. h3 Nd4 6. Nf3 d6 7. Bg5 Be6 8. a3 a6 9. Nd5 Bxd5 10. exd5 h6 11. Be3 0-0 12. b4 Nxf3+ 13. Qxf3 Bxe3 14. fxe3 b5 15. Be2 bxc4 16. dxc4 e4 17. Qf4 Qd7 18. Bg4 Qa4 19. 0-0 c6 20. Bd1 Nh5 21. Qxd6 Rfd8 22. Qxd8+ Rxd8 23. Bxa4 cxd5 24. Rfd1 Ng3 25. Kf2 1-0

[Event "Vojens Sonderjysk EMT B"]
[Site "Vojens"]
[Date "2015.05.18"]
[Round "4"]
[White "Petersen, Broder"]
[Black "Iversen, Michael"]
[Result "1-0"]
[WhiteElo "1423"]
[BlackElo "1300"]
[PlyCount "81"]
[EventDate "2015.04.27"]
[EventType "tourn"]
[EventRounds "7"]
[EventCountry "DEN"]
[SourceTitle "EXT 2023"]
[Source "ChessBase"]
[SourceDate "2022.10.05"]
[SourceVersion "1"]
[SourceVersionDate "2022.10.05"]
[SourceQuality "1"]

1. c4 e5 2. e4 Nf6 3. Nc3 d6 4. d3 Be7 5. f4 Nc6 6. Nf3 0-0 7. Be2 a6 8. 0-0 Bd7 9. a3 Rb8 10. h3 b5 11. cxb5 axb5 12. d4 exd4 13. Nxd4 Na7 14. b4 c6 15. Be3 Qc7 16. Rc1 Qb7 17. Bd3 c5 18. bxc5 dxc5 19. Nde2 Bc6 20. Ng3 Rfd8 21. Qc2 c4 22. Be2 Nc8 23. Rb1 Qa6 24. Bxc4 Qxa3 25. Ra1 Qb4 26. Bd3 Bc5 27. Nd1 Bxe3+ 28. Nxe3 Ne7 29. e5 Nfd5 30. Bxh7+ Kf8 31. Nxd5 Bxd5 32. Bd3 Bc4 33. Bxc4 Qxc4 34. Qxc4 bxc4 35. Rfc1 Rbc8 36. Ne4 Rd4 37. Nd6 Rc6 38. Ra8+ Rc8 39. Nxc8 Nxc8 40. Rxc8+ Ke7 41. R8xc4 1-0

[Event "Vojens Sonderjysk EMT B"]
[Site "Vojens"]
[Date "2015.05.04"]
[Round "2"]
[White "Petersen, Broder"]
[Black "Lindgaard, Tobias Simon"]
[Result "0-1"]
[WhiteElo "1423"]
[BlackElo "1551"]
[PlyCount "38"]
[EventDate "2015.04.27"]
[EventType "tourn"]
[EventRounds "7"]
[EventCountry "DEN"]
[SourceTitle "EXT 2023"]
[Source "ChessBase"]
[SourceDate "2022.10.05"]
[SourceVersion "1"]
[SourceVersionDate "2022.10.05"]
[SourceQuality "1"]

1. c4 f5 2. d4 Nf6 3. f4 e6 4. Nc3 Be7 5. Nf3 0-0 6. e3 d6 7. Bd3 Qe8 8. 0-0 Bd8 9. Re1 Nbd7 10. e4 fxe4 11. Nxe4 Nxe4 12. Bxe4 Nf6 13. Bf5 Nh5 14. Bxe6+ Bxe6 15. d5 Nxf4 16. Bxf4 Rxf4 17. Rxe6 Qf7 18. b3 Bf6 19. Qd2 Bxa1 0-1

[Event "Sonderjysk EMT B"]
[Site "Sonderborg"]
[Date "2012.01.24"]
[Round "1"]
[White "Posselt, Karl"]
[Black "Petersen, Broder"]
[Result "1-0"]
[WhiteElo "1584"]
[BlackElo "1469"]
[PlyCount "47"]
[EventDate "2012.01.17"]
[EventType "tourn"]
[EventRounds "7"]
[EventCountry "DEN"]
[SourceTitle "EXT 2023"]
[Source "ChessBase"]
[SourceDate "2022.10.05"]
[SourceVersion "1"]
[SourceVersionDate "2022.10.05"]
[SourceQuality "1"]

1. f4 f5 2. Nf3 Nf6 3. d4 d5 4. e3 e6 5. Ne5 Bd6 6. Nd2 0-0 7. Ndf3 c5 8. c3 c4 9. b3 b5 10. a4 Ba6 11. axb5 Bxb5 12. bxc4 dxc4 13. Bxc4 Bxc4 14. Nxc4 Ne4 15. Qb3 Qc8 16. Nxd6 Nxd6 17. Ba3 Rd8 18. Ng5 Qc4 19. Qxc4 Nxc4 20. Kf2 Nxa3 21. Rxa3 Rd6 22. Rb1 Nc6 23. c4 Re8 24. Ra6 1-0

[Event "Logumkloster-chB"]
[Site "Logumkloster"]
[Date "2011.05.10"]
[Round "5"]
[White "Petersen, Broder"]
[Black "Pedersen, Rolf"]
[Result "0-1"]
[WhiteElo "1473"]
[BlackElo "1630"]
[PlyCount "52"]
[EventDate "2011.04.05"]
[EventType "tourn"]
[EventRounds "5"]
[EventCountry "DEN"]
[SourceTitle "EXT 2023"]
[Source "ChessBase"]
[SourceDate "2022.10.05"]
[SourceVersion "1"]
[SourceVersionDate "2022.10.05"]
[SourceQuality "1"]

1. c4 e5 2. e4 Nc6 3. d3 Bc5 4. Be3 Bxe3 5. fxe3 Qh4+ 6. g3 Qh6 7. Qd2 Nf6 8. Be2 d6 9. Nc3 Be6 10. 0-0-0 0-0-0 11. Nd5 Rhf8 12. Nxf6 Qxf6 13. Rf1 Qh6 14. Bf3 f5 15. exf5 Rxf5 16. Bg2 Rxf1+ 17. Bxf1 Rf8 18. Bg2 Rf6 19. Nf3 g6 20. b4 Bg4 21. Rf1 Qf8 22. Qe2 Nxb4 23. a3 Nxd3+ 24. Qxd3 Bxf3 25. Bxf3 Rxf3 26. Rd1 Qh6 0-1

[Event "Logumkloster-ch Basis 2"]
[Site "Logumkloster"]
[Date "2008.04.15"]
[Round "1"]
[White "Petersen, Broder"]
[Black "Hansen, Uwe"]
[Result "0-1"]
[WhiteElo "1564"]
[BlackElo "1573"]
[PlyCount "32"]
[EventDate "2008.04.15"]
[EventType "tourn"]
[EventRounds "5"]
[EventCountry "DEN"]
[SourceTitle "EXT 2023"]
[Source "ChessBase"]
[SourceDate "2022.10.05"]
[SourceVersion "1"]
[SourceVersionDate "2022.10.05"]
[SourceQuality "1"]

1. c4 c6 2. Nc3 Nf6 3. e4 d6 4. d4 h6 5. f4 Nbd7 6. Nf3 Qc7 7. Bd2 e5 8. f5 Be7 9. Be2 0-0 10. h3 Qb6 11. Na4 Qc7 12. Qc2 Nh5 13. g4 Ng3 14. Rh2 exd4 15. Bd3 Ne5 16. Bf4 Nxf3+ 0-1

[Event "Sonderjysk-chA"]
[Site "Agerskov"]
[Date "2007.09.16"]
[Round "4"]
[White "Petersen, Broder"]
[Black "Hansen, Hans Valdemar"]
[Result "0-1"]
[WhiteElo "1649"]
[BlackElo "1781"]
[PlyCount "86"]
[EventDate "2007.09.09"]
[EventType "tourn"]
[EventRounds "7"]
[EventCountry "DEN"]
[SourceTitle "EXT 2023"]
[Source "ChessBase"]
[SourceDate "2022.10.05"]
[SourceVersion "1"]
[SourceVersionDate "2022.10.05"]
[SourceQuality "1"]

1. c4 e5 2. e4 Nf6 3. Nc3 Bc5 4. d3 c6 5. Be3 Bb4 6. a3 Ba5 7. h3 d5 8. exd5 cxd5 9. d4 exd4 10. Bxd4 0-0 11. b4 Bc7 12. cxd5 Nxd5 13. Bxg7 Kxg7 14. Nxd5 Be5 15. Rc1 Be6 16. Nf3 Qxd5 17. Qxd5 Bxd5 18. Nxe5 Re8 19. f4 f6 20. Rc7+ Kg8 21. Bd3 fxe5 22. Bxh7+ Kf8 23. Bg6 Re7 24. Rc8+ Kg7 25. f5 b6 26. h4 Na6 27. Rxa8 Bxa8 28. Rh2 Bd5 29. g4 Bf7 30. g5 Rc7 31. Bxf7 Rxf7 32. f6+ Kg6 33. Kf2 Nc7 34. Kg3 Rd7 35. Re2 Rd3+ 36. Kh2 Rd5 37. Rc2 Ne6 38. Rc6 Rd2+ 39. Kg3 Rd3+ 40. Kg4 Rd4+ 41. Kg3 Nf4 42. Rc7 Rd3+ 43. Kg4 Nh5 0-1